PSYCHOLOGY: THE CURRENT OVERVIEW (Record no. 24617)

MARC details
000 -LEADER
fixed length control field 00385nam a22001697a 4500
003 - CONTROL NUMBER IDENTIFIER
control field SGT
020 ## - INTERNATIONAL STANDARD BOOK NUMBER
International Standard Book Number 9789392787447
082 ## - DEWEY DECIMAL CLASSIFICATION NUMBER
Classification number 150
Item number P22K
100 ## - MAIN ENTRY--PERSONAL NAME
Personal name KHAN, WAHEEDA
245 ## - TITLE STATEMENT
Title PSYCHOLOGY: THE CURRENT OVERVIEW
250 ## - EDITION STATEMENT
Edition statement 1ST
260 ## - PUBLICATION, DISTRIBUTION, ETC. (IMPRINT)
Place of publication, distribution, etc NEW DELHI
Name of publisher, distributor, etc S.S.BOOKS
Year of Publication 2022
300 ## - PAGE DESCRIPTION
No. of Pages 187
650 ## - SUBJECT ADDED ENTRY--TOPICAL TERM
Topical term or geographic name as entry element PSYCHOLOGY
653 ## - KEYWORDS--INDEX TERM
Keyword term PSYCHOLOGY, OVERVIEW CURRENT
942 ## - ADDED ENTRY ELEMENTS (KOHA)
Source of classification or shelving scheme Dewey Decimal Classification
Koha item type Books
Holdings
Withdrawn status Lost status Source of classification or shelving scheme Damaged status Use restrictions Not for loan Collection code Home library Current library Shelving location Date acquired Vendor Name Cost, normal purchase price SGTU Full call number Accession No. (Barcode) Date last seen Bill Date Koha item type
    Dewey Decimal Classification   Restricted Access   AYURVEDA SGT FA-FP Library SGT FA-FP Library Reference Book 02/08/2023 SGT UNIVERSITY 395.00 SGTU 150 P22K FA11908 02/08/2023 02/08/2023 Books